Tous les aéroports de France métropolitaine - Statistiques

Statistiques générales
  • Ce quiz a été pris 416 fois
  • Le résultat moyen est 34 sur 56
Statistiques - réponses
Réponse % Correct
Paris Charles de Gaulle
97%
Paris Orly
95%
Lille Lesquin
93%
Marseille Provence
93%
Bordeaux Mérignac
92%
Lyon St-Exupéry
92%
Nice Côte d'Azur
91%
Toulouse Blagnac
91%
Rennes St-Jacques
89%
Strasbourg Entzheim
89%
Brest Bretagne
88%
Nantes Atlantique
88%
Montpellier Méditerranée
84%
Metz Nancy Lorraine
81%
Grenoble Alpes Isère
79%
Clermont-Ferrand Auvergne
77%
Biarritz Pays Basque
76%
Perpignan Sud de France
76%
Paris Beauvais
74%
Toulon Hyères
74%
Bâle Mulhouse Fribourg
73%
Caen Carpiquet
73%
Tours Val de Loire
73%
Le Havre Octeville
69%
Ajaccio Napoléon Bonaparte
68%
La Rochelle Île de Ré
68%
Pau Pyrénées
68%
Rouen Vallée de Seine
68%
Bastia Poretta
67%
Nîmes Alès Camargue Cévennes
66%
Limoges Bellegarde
64%
Tarbes Lourdes Pyrénées
60%
Lorient Bretagne Sud
59%
Poitiers Biard
58%
Avignon Provence
54%
Chambéry Savoie
54%
Béziers Cap d'Agde en Languedoc
52%
Cherbourg Manche
51%
Quimper Bretagne
50%
Carcassonne Sud de France
49%
Agen la Garenne
41%
Calvi Ste-Catherine
41%
Dinard Bretagne
40%
Rodez Aveyron
36%
Brive Vallée de la Dordogne
35%
Aurillac Tronquières
33%
Bergerac Dordogne Périgord
32%
Châteauroux Centre
32%
Figari Sud Corse
32%
Dole Jura
30%
Castres Mazamet
26%
Deauville Normandie
25%
Épinal Mirecourt
23%
Paris Vatry
21%
Le Puy-en-Velay Loudes
19%
Ouessant Kerlaouenn
6%
Aucun quiz correspondant
Distribution des résultats
% des personnes avec chaque résultat
Percentile par nombre de réponses
Votre historique - résultats
Vous n’avez pas pris ce quiz